000 00505nam a2200157 i 4500
001 23917
003 ES-MaACL
005 20230906152945.0
007 t|
008 021213s1969 sp ||||1| spa d
100 1 _aAnsede Requejo, Cándido.
_921834
245 1 0 _aDe la Salamanca de ayer
_b: (usos, costumbres, recuerdos) /
_cCándido Ansede Requejo.
260 _aSalamanca :
_bDiputación Provincial de Salamanca,
_c[1969]
300 _a132 p. :
_bil. ;
_c21 cm.
852 _aES-MaACL
_jC-48499
_bR.69423
999 _c23917
_d23917